<?xml version="1.0" encoding="UTF-8"?>
<record
    xmlns:xsi="http://www.w3.org/2001/XMLSchema-instance"
    xsi:schemaLocation="http://www.loc.gov/MARC21/slim http://www.loc.gov/standards/marcxml/schema/MARC21slim.xsd"
    xmlns="http://www.loc.gov/MARC21/slim">

  <leader>02031nam a22003377a 4500</leader>
  <controlfield tag="001">18970415</controlfield>
  <controlfield tag="005">20230425134011.0</controlfield>
  <controlfield tag="008">230425b        |||||||| |||| 00| 0 eng d</controlfield>
  <datafield tag="010" ind1=" " ind2=" ">
    <subfield code="a">  2016006653</subfield>
  </datafield>
  <datafield tag="020" ind1=" " ind2=" ">
    <subfield code="a">9780323086790 (pbk.)</subfield>
  </datafield>
  <datafield tag="020" ind1=" " ind2=" ">
    <subfield code="a">0323086799</subfield>
  </datafield>
  <datafield tag="040" ind1=" " ind2=" ">
    <subfield code="a">DLC</subfield>
    <subfield code="b">eng</subfield>
    <subfield code="c">DLC</subfield>
    <subfield code="e">rda</subfield>
    <subfield code="d">KMU</subfield>
  </datafield>
  <datafield tag="042" ind1=" " ind2=" ">
    <subfield code="a">pcc</subfield>
  </datafield>
  <datafield tag="050" ind1="0" ind2="0">
    <subfield code="a">SF915</subfield>
    <subfield code="b">.B55 2017</subfield>
  </datafield>
  <datafield tag="082" ind1="0" ind2="0">
    <subfield code="a">636.089/51</subfield>
    <subfield code="2">23</subfield>
  </datafield>
  <datafield tag="100" ind1="1" ind2=" ">
    <subfield code="a">Bill, Robert.</subfield>
  </datafield>
  <datafield tag="245" ind1="1" ind2="0">
    <subfield code="a">Clinical pharmacology and therapeutics for veterinary technicians /</subfield>
    <subfield code="c">Robert L. Bill, DVM, PhD, Professor of Veterinary Pharmacology, Assistant Dean for Academic Affairs, Teaching, and Learning, College of Veterinary Medicine, Purdue University, West Lafayette, Indiana.</subfield>
  </datafield>
  <datafield tag="250" ind1=" " ind2=" ">
    <subfield code="a">Fourth edition.</subfield>
  </datafield>
  <datafield tag="264" ind1=" " ind2="1">
    <subfield code="a">St. Louis, Missouri :</subfield>
    <subfield code="b">Elsevier,</subfield>
    <subfield code="c">[2017]</subfield>
  </datafield>
  <datafield tag="264" ind1=" " ind2="4">
    <subfield code="c">&#xA9;2017</subfield>
  </datafield>
  <datafield tag="300" ind1=" " ind2=" ">
    <subfield code="a">xi, 393 pages :</subfield>
    <subfield code="b">illustrations (some color) ;</subfield>
    <subfield code="c">28 cm</subfield>
  </datafield>
  <datafield tag="336" ind1=" " ind2=" ">
    <subfield code="a">text</subfield>
    <subfield code="2">rdacontent</subfield>
  </datafield>
  <datafield tag="337" ind1=" " ind2=" ">
    <subfield code="a">unmediated</subfield>
    <subfield code="2">rdamedia</subfield>
  </datafield>
  <datafield tag="338" ind1=" " ind2=" ">
    <subfield code="a">volume</subfield>
    <subfield code="2">rdacarrier</subfield>
  </datafield>
  <datafield tag="504" ind1=" " ind2=" ">
    <subfield code="a">Includes bibliographical references and index.</subfield>
  </datafield>
  <datafield tag="505" ind1="0" ind2=" ">
    <subfield code="a">Veterinary pharmacology and the veterinary technician An introduction to understanding therapeutic applications -- Pharmacy procedures and dosage calculations -- Pharmacokinetics and pharmacodynamics: the principles of how drugs work -- Drugs affecting the gastrointestinal tract -- Drugs affecting the cardiovascular system -- Drugs affecting the respiratory system -- Drugs affecting the endocrine system -- Drugs affecting the nervous system: analgesics, tranquilizers, sedatives, and anesthetics -- Drugs affecting the nervous system: anticonvulsants and behavior-modifying drugs -- Antimicrobials -- Disinfectants and antiseptics -- Antiparasitics -- Antiinflamatory drugs -- Answers to self-assessment review questions and application questions.</subfield>
  </datafield>
  <datafield tag="650" ind1=" " ind2="0">
    <subfield code="a">Veterinary pharmacology.</subfield>
  </datafield>
  <datafield tag="906" ind1=" " ind2=" ">
    <subfield code="a">7</subfield>
    <subfield code="b">cbc</subfield>
    <subfield code="c">orignew</subfield>
    <subfield code="d">1</subfield>
    <subfield code="e">ecip</subfield>
    <subfield code="f">20</subfield>
    <subfield code="g">y-gencatlg</subfield>
  </datafield>
  <datafield tag="942" ind1=" " ind2=" ">
    <subfield code="2">lcc</subfield>
    <subfield code="c">BK</subfield>
    <subfield code="n">0</subfield>
  </datafield>
  <datafield tag="999" ind1=" " ind2=" ">
    <subfield code="c">293</subfield>
    <subfield code="d">293</subfield>
  </datafield>
  <datafield tag="952" ind1=" " ind2=" ">
    <subfield code="0">0</subfield>
    <subfield code="1">0</subfield>
    <subfield code="2">lcc</subfield>
    <subfield code="4">0</subfield>
    <subfield code="7">0</subfield>
    <subfield code="8">NFIC</subfield>
    <subfield code="a">CPL</subfield>
    <subfield code="b">CPL</subfield>
    <subfield code="c">OA</subfield>
    <subfield code="d">2023-04-25</subfield>
    <subfield code="e">Book International Aid</subfield>
    <subfield code="l">1</subfield>
    <subfield code="o">SF 915 Bil</subfield>
    <subfield code="p">300202</subfield>
    <subfield code="r">2024-03-26 00:00:00</subfield>
    <subfield code="s">2024-03-13</subfield>
    <subfield code="w">2023-04-25</subfield>
    <subfield code="y">BK</subfield>
  </datafield>
  <datafield tag="952" ind1=" " ind2=" ">
    <subfield code="0">0</subfield>
    <subfield code="1">0</subfield>
    <subfield code="2">lcc</subfield>
    <subfield code="4">0</subfield>
    <subfield code="7">0</subfield>
    <subfield code="8">NFIC</subfield>
    <subfield code="a">CPL</subfield>
    <subfield code="b">CPL</subfield>
    <subfield code="c">OA</subfield>
    <subfield code="d">2025-05-20</subfield>
    <subfield code="e">ZLS</subfield>
    <subfield code="l">0</subfield>
    <subfield code="o">SF 915 Bil</subfield>
    <subfield code="p">301162</subfield>
    <subfield code="r">2025-05-20 00:00:00</subfield>
    <subfield code="w">2025-05-20</subfield>
    <subfield code="y">BK</subfield>
  </datafield>
  <datafield tag="952" ind1=" " ind2=" ">
    <subfield code="0">0</subfield>
    <subfield code="1">0</subfield>
    <subfield code="2">lcc</subfield>
    <subfield code="4">0</subfield>
    <subfield code="7">0</subfield>
    <subfield code="8">NFIC</subfield>
    <subfield code="a">CPL</subfield>
    <subfield code="b">CPL</subfield>
    <subfield code="c">OA</subfield>
    <subfield code="d">2025-05-20</subfield>
    <subfield code="e">ZLS</subfield>
    <subfield code="l">0</subfield>
    <subfield code="o">SF 915 Bil</subfield>
    <subfield code="p">301163</subfield>
    <subfield code="r">2025-05-20 00:00:00</subfield>
    <subfield code="w">2025-05-20</subfield>
    <subfield code="y">BK</subfield>
  </datafield>
</record>
